Cutting types collected at different seasons on blackberry multiplication (Registro n. 338568)
[ somente texto ]
| 000 -LÍDER | |
|---|---|
| fixed length control field | 03456nab a2200301 i 4500 |
| 003 - CÓDIGO MARC DA AGÊNCIA CATALOGADORA | |
| Campo de controle | BR-BrBNA |
| 005 - DATA E HORA DA ÚLTIMA ATUALIZAÇÃO | |
| Campo de controle | 20251006115430.0 |
| 008 - CAMPO DE TAMANHO FIXO | |
| fixed length control field | 251006b2017 bl.|r|pooa||| 00| 0 eng | |
| 040 ## - FONTE DA CATALOGAÇÃO | |
| Agência catalogadora | BR-BrBNA |
| Idioma da catalogação | eng |
| 072 ## - CATEGORIA AGRIS | |
| Código AGRIS | F02 |
| Código do objeto | 0910 |
| 100 ## - ENTRADA PRINCIPAL - NOME PESSOAL | |
| Nome pessoal | Hussaim, Ibrar |
| 100 ## - ENTRADA PRINCIPAL - NOME PESSOAL | |
| Nome pessoal | Roberto, Sergio Ruffo |
| 100 ## - ENTRADA PRINCIPAL - NOME PESSOAL | |
| Nome pessoal | Colombo, Ronan Carlos |
| 100 ## - ENTRADA PRINCIPAL - NOME PESSOAL | |
| Nome pessoal | Assis, Adriane Marinho de |
| 100 ## - ENTRADA PRINCIPAL - NOME PESSOAL | |
| Nome pessoal | Koyama, Renata |
| 245 ## - TÍTULO PRINCIPAL | |
| Título principal | Cutting types collected at different seasons on blackberry multiplication |
| 500 ## - NOTA GERAL | |
| Nota geral | <br/>Publicação online; 32 ref.; 5 tables; Summaries (En, Pt) |
| 942 ## - ADDED ENTRY ELEMENTS (KOHA) | |
| Koha item type | Analítica |
| 520 ## - NOTA DE RESUMO | |
| Nota de conteúdo | <br/><br/><br/>ABSTRACT- Blackberry is a shrubby perennial tree with high economic importance among horticultural crops in several countries. The fruit has a good market value, both at national and international level. The objective of this work was to evaluate the multiplication of blackberry cv. Xavante cuttings under different seasons over the year, aiming to improve the production of nursery plants. The experiment was carried out from April 2012 to March 2013 and it was laid out in randomized complete block design with different types of cutting: tip, softwood, semihardwood and root, examined in different seasons: autumn, spring and summer, with 5 replications and 10 cuttings per plot. The variables studied were: cutting rooting, cutting survival, number of roots, length of major roots and roots dry weight. Cuttings of blackberry had a significant temporal variation in the percentage of successful rooting and survival of cuttings. It was verified that softwood and semihardwood cuttings collected in summer are the best option for blackberry cv. Xavante multiplication for commercial production of nursery plants.<br/><br/><br/><br/>Index terms: Rubus spp., vegetative propagation, ‘Xavante’ blackberry. |
| 520 ## - NOTA DE RESUMO | |
| Nota de conteúdo | <br/><br/><br/>RESUMO- A amoreira-preta é uma planta arbustiva e perene de relevante importância econômica entre as culturas frutíferas cultivadas no mundo e apresenta frutos de bom valor de mercado, seja nacional seja internacional. O objetivo do trabalho foi avaliar o enraizamento de diferentes tipos de estacas de amoreira-preta cv. Xavante em três estações do ano. O ensaio foi conduzido entre abril de 2012 e março de 2013, no outono, primavera e verão, utilizando estacas de ponteiro, herbácea, semilenhosa e raiz. O delineamento experimental foi o em blocos casualizados, com cinco repetições e 10 estacas por parcela. As variáveis estudadas foram: porcentagem de sobrevivência e enraizamento, número de raízes por estaca, comprimento e massa seca das raízes. As estacas de amoreira-preta apresentaram significativo impacto temporal na porcentagem de enraizamento e sobrevivência. Estacas herbáceas e semilenhosas, coletadas durante o verão, são as melhores opções para a multiplicação comercial de mudas da amoreira-preta cv. Xavante.<br/><br/><br/><br/>Termos para indexação: Rubus spp., propagação vegetativa, amora-preta ‘Xavante’. |
| 650 ## - ASSUNTO - THESAGRO | |
| Cabeçalho tópico ou nome geográfico | AMORA-PRETA |
| 650 ## - ASSUNTO - THESAGRO | |
| Cabeçalho tópico ou nome geográfico | CONDIÇÃO AMBIENTAL |
| 650 ## - ASSUNTO - THESAGRO | |
| Cabeçalho tópico ou nome geográfico | PROPAGAÇÃO VEGETATIVA |
| 650 ## - ASSUNTO - THESAGRO | |
| Cabeçalho tópico ou nome geográfico | ENRAIZAMENTO DE ESTACA |
| 773 0# - ENTRADA ANALÍTICA | |
| Host Biblionumber | 805 |
| Registro do item | 317028 |
| Imprenta | Jaboticabal-SP Sociedade Brasileira de Fruticultura 1978 |
| Outro identificador | 2024-3590 |
| Título | Revista Brasileira de Fruticultura (Brazil) |
| ISSN | 0100-2945 |
| Colação | V. 39(3) p. 1-8; (2017) |
| Número de controle de registro | BR2025004202 |
| 856 ## - ACESSO E ENDEREÇO ELETRÔNICO | |
| Identificador uniforme de recurso - URI | https://www.scielo.br/j/rbf/a/G763tYk9PCDyjNGr6gPgYyc/?format=pdf&lang=en |
Nenhum exemplar disponível.

BINAGRI